Spolupráca subjektov cestovného ruchu v Trenčianskych Tepliciach diplomová práca

Salvato in:
Dettagli Bibliografici
Autore principale: Masárová, Barbora
Ente Autore: Obchodná fakulta EU. Katedra služieb a cestovného ruchu - zrušené
Altri autori: Michálková, Anna, 1968-
Natura: Libro
Lingua:slovacco
Pubblicazione: Bratislava 2010
Tags: Aggiungi Tag
Nessun Tag, puoi essere il primo ad aggiungerne!!

MARC

LEADER 00000nam$a2200000$$$4500
001 0118603
005 20240318123448.9
041 0 |a slo 
044 |a SK 
245 1 0 |a Spolupráca subjektov cestovného ruchu v Trenčianskych Tepliciach  |b diplomová práca  |c Barbora Masárová ; škol. Anna Michálková 
264 1 |a Bratislava  |c 2010 
300 |a 85 s. 
100 1 |a Masárová, Barbora 
700 1 |a Michálková, Anna, 1968- 
710 2 |a Obchodná fakulta EU. Katedra služieb a cestovného ruchu - zrušené